Tadpoles and frogs : level 2

Bibliographic Details
Main Author: Horsley, Lorraine
Corporate Author: Title
Format: Book
Published: London : Ladybird books
Series:Read it yourself
Subjects:

MARC

LEADER 00000cam a2200000 7i4500
001 0000002909
005 20220105103939.0
008 070717
020 |a 1844222802 
090 0 0 |a JP   |b ANM ENG (3139) 
100 1 |a Horsley, Lorraine 
245 1 0 |a Tadpoles and frogs :   |b level 2   |c Lorraine Horsley;illustrated by Sharon Harmer 
260 |a London :   |b Ladybird books 
440 0 |a Read it yourself 
500 |a Children age 4-6 years old (yellow) 
650 0 |a Animals 
650 0 |a Junior preschool   |x English   |x Languages 
710 0 |a Title 
999 |a 0000961245   |b Book   |c Children Collection   |e Cawangan Muar 
999 |a 0000961247   |b Book   |c Children Collection   |e Perbadanan Perpustakaan Awam Johor